00508nam a22001692 4500001001100000005001700011008004100028020001700069040001500086100003100101245008100132250001300213260003500226300001700261650005700278852000300335000001223620151217145855.0090218s xx 000 0 eng d a2831703549 : aKABUcKABU1 aLewis, Connie.@000016850610aManaging conflicts in protected areas /cwritten and edited by Connie Lewis. a1st ed. aCambridge, UK. :bIUCN,c1996. axii, 100 p. 0aNatural areasxManagementvCase studies.@00001636071